000 00350 a2200169 4500
001 189898
020 _a85-16-01044-9
040 _cMagnum
100 _aFurnari, Eva
240 1 0 _aAdivinhe se puder
_lpor
245 1 0 _aAdivinhe se puder
300 _a24
362 0 _a1994
440 1 _aModerna
697 _aLITERATURA INFANTIL
942 _cBK
999 _c189898
_d189898